000 00647nam a22002297a 4500
003 UA-OsUOA
001 96465
007 ta
008 20130319b un ||||| |||| 00| 0 ukr d
100 _aЛиходеев Л.
090 _a821.161.1
_bЛ65
942 _cBK
040 _aUA-OsUOA
_brus
_cUA-OsUOA
_dUA-OsUOA
245 _aСемь пятниц
_bроман, рассказы, фельетоны
300 _a368 с.
955 _a3
041 _arus
080 _a821.161.1
260 _aМ.
_bСоветский писатель
_c1986
650 7 _a82 Література. Літературознавство
_2UDC
999 _c382723
_d382723